Mezinárodní bezpečnost na počátku 21. století

Hodnotenie a charakteristika bezpečnostných hrozieb. Charakter vojen v súčasnom svete. Asymetrické vojny a ich vplyv na vojenstvo. Vojenstvo najvyspelejších štátov sveta. Využívanie vedecko-technických poznatkov vo vojenstve. Charakter bezpečnosti na začiatku 21. storočia a jej odraz v oblasti bezpe...

Full description

Saved in:
Bibliographic Details
Main Author: Eichler, Jan
Format: Book Chapter
Language:Czech
Subjects:
Tags: Add Tag
No Tags, Be the first to tag this record!

MARC

LEADER 00000naa$a2200000$$$4500
001 0033970
005 20220504125133.5
041 0 |a cze 
044 |a SK 
245 1 0 |a Mezinárodní bezpečnost na počátku 21. století  |c Jan Eichler 
520 |a Hodnotenie a charakteristika bezpečnostných hrozieb. Charakter vojen v súčasnom svete. Asymetrické vojny a ich vplyv na vojenstvo. Vojenstvo najvyspelejších štátov sveta. Využívanie vedecko-technických poznatkov vo vojenstve. Charakter bezpečnosti na začiatku 21. storočia a jej odraz v oblasti bezpečnostných štúdií. Vyváženosť medzi negatívnym a pozitívnym vymedzením bezpečnosti. 
610 2 0 |a bezpečnosť 
610 2 0 |a politika bezpečnostná 
610 2 0 |a krajiny vyspelé 
610 2 0 |a globalizácia 
610 2 0 |a terorizmus 
610 2 0 |a civilizácia 
610 2 0 |a vojny 
610 2 0 |a konflikty medzinárodné 
610 2 0 |a politika medzinárodná 
610 2 0 |a vojenstvo 
100 1 |a Eichler, Jan